000 01182nam a2200229Ia 4500
001 L268-22056
003 IT-CnALBA
008 170116s9999||||xx |||||||||||||| ||und||
040 _aIT-CnALBA
_cIT-CnALBA
041 _aITALIANO
100 _aCOLOMBO ANGELO, DOTTOR
245 0 _aLETTURE RELIGIOSE PER LA QUINTA CLASSE.
250 _a1a ed.
260 _a FIRENZE
_bBEMPORAD R. E FIGLIO, EDITORI
_c1924 [1° Ed.: n.d.]
300 _a113 p.
500 _aPREGHIERE QUOTIDIANE. L'ANNO CRISTIANO. AVVENTO NATALE EPIFANIA. QUARESIMA, PASQUA, PENTECOSTE. MESE DI MARIA. IL NOME DI MARIA. OGNISSANTI E MORTI. BENEDIZIONI. DOLORE E MORTE. CANTICO DI FRATE SOLE. VITA FRANCESCANA, VITA DI FRATERNITÀ. LA RELIGIONE MAT
501 _aSocietà San Paolo EM - Piazza San Paolo, 14 - 12051 ALBA (CN) (non commercial uses only) ® Copyright 2017
520 _aPREGHIERE QUOTIDIANE. L'ANNO CRISTIANO. AVVENTO NATALE EPIFANIA. QUARESIMA, PASQUA, PENTECOSTE. MESE DI MARIA. IL NOME DI MARIA. OGNISSANTI E MORTI. BENEDIZIONI. DOLORE E MORTE. CANTICO DI FRATE SOLE. VITA FRANCESCANA, VITA DI FRATERNITÀ. LA RELIGIONE MAT
650 _aCATECHESI
942 _cBK
957 _71
999 _a26798
_bSI
_g Copie: 1
_c281160
_d281160